000 00537nam a22002057a 4500
003 OSt
005 20140310182754.0
008 130204t xxu||||| |||| 00| 0 eng d
020 _a0679759182
050 _aQA43
_b.M667 1995
082 _aM 510
_b.M66 1996
245 _aCracking the SAT II : math subject tests
_cMintz, Ethan
260 _aNew York
_bRandom House
_c1995
300 _axvi, 180 p.
_c 28 cm.
521 _acollege students
526 _c1210L-1700L
541 _j1
562 _e1
942 _2lcc
_cBK
_kM
999 _c15811
_d15811